| 000 | 00508aam a2200205 4500 | ||
|---|---|---|---|
| 005 | 20250520161313.0 | ||
| 008 | 150603b xxu||||| |||| 00| 0 spa d | ||
| 020 | _a0582426871 | ||
| 041 | _aING | ||
| 082 | _a891.63 D754t | ||
| 100 |
_aDoyle, Arthur Conan _911713 |
||
| 245 | _aThree adventures of Sherlock Holmes | ||
| 260 | _aInglaterra | ||
| 260 | _bPenguin Readers | ||
| 260 | _c2000 | ||
| 300 | _a66 páginas | ||
| 650 | _aLITERATURA ESCOCESA | ||
| 650 | _aNOVELA ESCOCESA | ||
| 942 |
_cLIT _2ddc |
||
| 999 |
_c2563 _d2563 |
||